| 000 | 00474nam a2200157 a 4500 | ||
|---|---|---|---|
| 001 | 000041605 | ||
| 005 | 20201002035649.0 | ||
| 008 | 131014s1996 dr 000 0 spa d | ||
| 040 |
_aDO-SdBNP _bspa _cBNPHU |
||
| 082 |
_axxx _bxxx |
||
| 100 | 1 |
_aFlores, Bienvenido Antonio _938234 |
|
| 245 | 1 | 0 |
_aIntroducción a la estadística. / _cBienvenido Antonio Flores. |
| 260 |
_aMoca, Santo Domingo, : _bDalis, _c1996. |
||
| 300 |
_a151 p. ; _c21 cm. |
||
| 504 | _aBibliografía p: 151 | ||
| 999 |
_c41095 _d41095 |
||